000 00294nam a2200133Ia 4500
100 _aBrightman/ R.W./ Dimsdale
942 _cBK
654 _aMicrocomputers
245 _aUsing Microcompurters
260 _bGalgotia Pub
_aNew Delhi
_c1990
300 _a266
546 _aENGLISH
999 _c23282
_d23282